<?xml version="1.0" encoding="UTF-8"?>
<record
    xmlns:xsi="http://www.w3.org/2001/XMLSchema-instance"
    xsi:schemaLocation="http://www.loc.gov/MARC21/slim http://www.loc.gov/standards/marcxml/schema/MARC21slim.xsd"
    xmlns="http://www.loc.gov/MARC21/slim">

  <leader>04378nam a22003377i 4500</leader>
  <controlfield tag="003">DO-SdBNP</controlfield>
  <controlfield tag="005">20251027110918.0</controlfield>
  <controlfield tag="006">a||||gr|||| 00| 0 </controlfield>
  <controlfield tag="007">ta</controlfield>
  <controlfield tag="008">210514e2018    dr ||||er|||| 001 mdspa d</controlfield>
  <datafield tag="020" ind1=" " ind2=" ">
    <subfield code="a">9789945608052</subfield>
  </datafield>
  <datafield tag="040" ind1=" " ind2=" ">
    <subfield code="a">DO-SdBNP</subfield>
    <subfield code="b">spa</subfield>
    <subfield code="c">BNPHU</subfield>
    <subfield code="e">rda</subfield>
  </datafield>
  <datafield tag="082" ind1=" " ind2="4">
    <subfield code="a">A862.5</subfield>
    <subfield code="b">L168e</subfield>
    <subfield code="2">22</subfield>
  </datafield>
  <datafield tag="100" ind1="1" ind2=" ">
    <subfield code="a">La Fountain-Stokes, Lawrence Martin,</subfield>
    <subfield code="d">1968-</subfield>
    <subfield code="9">78593</subfield>
    <subfield code="e">autor</subfield>
  </datafield>
  <datafield tag="245" ind1="1" ind2="0">
    <subfield code="a">Escenas transcaribe&#xF1;as : </subfield>
    <subfield code="b">ensayos sobre teatro, performance y cultura /</subfield>
    <subfield code="c">Lawrence La Fountaine - Stoke.</subfield>
  </datafield>
  <datafield tag="264" ind1=" " ind2="1">
    <subfield code="a">San Juan, Puerto Rico :</subfield>
    <subfield code="b">Isla Negra,</subfield>
    <subfield code="c">2018</subfield>
  </datafield>
  <datafield tag="300" ind1=" " ind2=" ">
    <subfield code="a">292 p&#xE1;ginas;</subfield>
    <subfield code="c">22 cm</subfield>
  </datafield>
  <datafield tag="336" ind1=" " ind2=" ">
    <subfield code="2">rdacontent</subfield>
    <subfield code="a">texto</subfield>
    <subfield code="b">txt</subfield>
  </datafield>
  <datafield tag="337" ind1=" " ind2=" ">
    <subfield code="2">rdamedia</subfield>
    <subfield code="a">sin mediaci&#xF3;n</subfield>
    <subfield code="b">n</subfield>
  </datafield>
  <datafield tag="338" ind1=" " ind2=" ">
    <subfield code="2">rdacarrier</subfield>
    <subfield code="a">volumen</subfield>
    <subfield code="b">nc</subfield>
  </datafield>
  <datafield tag="490" ind1="0" ind2=" ">
    <subfield code="a">Visiones y cegueras</subfield>
  </datafield>
  <datafield tag="505" ind1="0" ind2=" ">
    <subfield code="a">Acotaciones.-- Introducci&#xF3;n.</subfield>
    <subfield code="t">Reelaborando (y abandonado) las masculinidades.-- &#xA1;Maricones de R&#xED;o Piedra, un&#xED;os!.-- Minga y Petraca o la cuestionable masculinidad del bigote.-- Peter Hance: el cuerpo del delito.-- Impresiones muy particulares del M&#xE9;xico joto, o de Paquita la del Barrio a la Pau.-- Memorias sensuales: la piel de la escritura de Antonio Martorell.-- Antonio Martorell desencaja el Witney.-- Cultura queer y di&#xE1;spora puertorrique&#xF1;a.--</subfield>
    <subfield code="t">Violentas familias raras: Manuel Ramos Otero y Luis Alfaro.-- Mariconer&#xED;as: escritos desde el margen de Daniel Torres.-- Freddie Mercado: entre do&#xF1;a Fela Myrta Silva.-- Cuerpo, otredad y conocimiento: la nueva ola de cr&#xED;tica gay, l&#xE9;sbica y queer Transloca.-- Sobre Lizza Fernanda/Luis Felipe D&#xED;az.-- Trans -Mission de Barbra Herr en el Teatro C&#xED;rculo de Nueva York.--</subfield>
    <subfield code="t">Trans -Mission de Barbra Herr en el Teatro C&#xED;rculo de Nueva York.-- Extra Terrestes en Fuerza fest.--</subfield>
  </datafield>
  <datafield tag="505" ind1="0" ind2=" ">
    <subfield code="a">Teatro y Performance.</subfield>
    <subfield code="t">Por el medio... sino hay m&#xE1;s remedio de Leo Cabranes-Grant.-- I'II Be Home para la Navidad de Janis Astor de Valle.-- El bolero fue mi ruina del Teatro Pregon&#xE9;s en El Bronx.-- Regreso triunfal de el bolero fue mi ruina.-- El cotorrito by the Sea.-- Los muchachos del combo: sobre The boys in the Band de Mart Crowley. Lat&#xED;n Lives de Robert Louis Maisonett y Lourdes Cuadrado.-- The Junkies Stole the Clock de Jes&#xFA;s Papoleto Mel&#xE9;ndez.-- Eulogy for a Samall time Thief de Miguel Pi&#xF1;ero.-- Leche de amnesia de Carmelita Tropicana.--</subfield>
    <subfield code="t">&#xBF;Con qu&#xE9; culo se sienta la cucaracha?: Carmelita Tropicana y Eli&#xE1;n G&#xF3;nzalez: Men on the Verge of a His-Panic Braksown de Guillermo Reyes.-- Spookiricans de Eduardo Alegria.-- Esquina Periferia de Eduardo Alegr&#xED;a.-- Ma&#xE9;va de Oz del Arthur Avil&#xE9;s Typical Theatre.-- Ma&#xE9;va y su maravilloso mu&#xF1;eco: Arthur Avil&#xE9;s y Elizabeth Marrero.-- !Vengan al Boogie - Down Bronx de BAAD!.--</subfield>
    <subfield code="t">Creaci&#xF3;n colectiva y vanguardia performativa: tres casos notables.-- La leyenda del cem&#xED; y los juegos teatrales.- de Rosa Luisa Marques.-- Silencios meditados y escandalosas desconstrucciones: las danzas de Awilda Sterling Duprey.-- Las composiciones populares y las denuncias pol&#xED;ticas de Agua, Sol y Sereno.-- Vidas de herejes de H&#xE9;ctor M&#xE9;ndez y el festival de Teatro del Tercer Amor.-- La Manb&#xF3;pera de Ad&#xE1;l Maldonado.-- Aloha Boricua del Teatro Pregones de el Bronx.-- Las facultades de Aravind Enrique Adyanthaya.--</subfield>
    <subfield code="t">dios en el Playgirl de noviembre de Abniel Marat.-- Poner Mickeytarme: ritual de pluma y purificaci&#xF3;n de Mickey Negr&#xF3;n.-- Asuntos Ef&#xED;meros presenta: Casi un quinto para la despedida.-- R&#xE9;quien a la T&#xED;a Alex de la Sociedad Sonora del Amor.-- Hagiograf&#xED;as III de Casa Cruz de la Luna y Kuniklo.-- Poncili Creaci&#xF3;n presenta: Paranda de escuturas.--</subfield>
  </datafield>
  <datafield tag="505" ind1="0" ind2=" ">
    <subfield code="a">Escenas Literarias y Visuales.--</subfield>
    <subfield code="t">Poes&#xED;a bajo tierra: De la guagua al tren haciendo poes&#xED;a en las v&#xED;as. Sobre todos los hombres el nombre de Bruno Soreno /</subfield>
    <subfield code="r">Juan Carlos Qui&#xF1;ones.--</subfield>
    <subfield code="t">&#xA1;El Diario de una puta humilde de David Caleb Acevedo est&#xE1; genial!.-- Concreto pintado en peri&#xF3;dico de Jos&#xE9; Luis Cort&#xE9;s.-- 
La Herida Abierta.-- Sobre translocas, sinverg&#xFC;enzas, malas malas y otras disidencias sexuales.-- Los puertorrique&#xF1;os queer y el peso de la violencia.-- El nuevo rostro de Orlando, la nueva cara de la puertorrique&#xF1;idad.</subfield>
  </datafield>
  <datafield tag="590" ind1=" " ind2=" ">
    <subfield code="a">Inventariado 2024 / MF</subfield>
  </datafield>
  <datafield tag="650" ind1=" " ind2="4">
    <subfield code="a">Teatro caribe&#xF1;o </subfield>
    <subfield code="9">78611</subfield>
  </datafield>
  <datafield tag="650" ind1=" " ind2="4">
    <subfield code="a">Masculinidad</subfield>
    <subfield code="z">Caribe, Regi&#xF3;n</subfield>
    <subfield code="9">78612</subfield>
  </datafield>
  <datafield tag="650" ind1=" " ind2="4">
    <subfield code="a">Artes esc&#xE9;nicas</subfield>
    <subfield code="z">Caribe, Regi&#xF3;n </subfield>
    <subfield code="9">78613</subfield>
  </datafield>
  <datafield tag="910" ind1=" " ind2=" ">
    <subfield code="a">Validado. Control de calidad MFF</subfield>
  </datafield>
  <datafield tag="942" ind1=" " ind2=" ">
    <subfield code="2">ddc</subfield>
    <subfield code="c">LBS1</subfield>
  </datafield>
  <datafield tag="952" ind1=" " ind2=" ">
    <subfield code="0">0</subfield>
    <subfield code="1">0</subfield>
    <subfield code="2">ddc</subfield>
    <subfield code="5">1</subfield>
    <subfield code="7">0</subfield>
    <subfield code="8">PD</subfield>
    <subfield code="a">BNPHU</subfield>
    <subfield code="b">BNPHU</subfield>
    <subfield code="c">HD</subfield>
    <subfield code="d">2018-06-29</subfield>
    <subfield code="e">Donado por Editora B&#xFA;ho</subfield>
    <subfield code="l">0</subfield>
    <subfield code="o">BNPHU PD A862.5 L168e</subfield>
    <subfield code="p">2021-1720</subfield>
    <subfield code="r">2021-05-14</subfield>
    <subfield code="w">2021-05-14</subfield>
    <subfield code="y">LBS1</subfield>
  </datafield>
  <datafield tag="952" ind1=" " ind2=" ">
    <subfield code="0">0</subfield>
    <subfield code="1">0</subfield>
    <subfield code="2">ddc</subfield>
    <subfield code="5">1</subfield>
    <subfield code="7">0</subfield>
    <subfield code="8">PD</subfield>
    <subfield code="a">BNPHU</subfield>
    <subfield code="b">BNPHU</subfield>
    <subfield code="c">HD</subfield>
    <subfield code="d">2018-06-29</subfield>
    <subfield code="e">Donado por Editora B&#xFA;ho</subfield>
    <subfield code="l">0</subfield>
    <subfield code="o">BNPHU PD A862.5 L168e</subfield>
    <subfield code="p">2021-1721</subfield>
    <subfield code="r">2021-05-14</subfield>
    <subfield code="t">e.2</subfield>
    <subfield code="w">2021-05-14</subfield>
    <subfield code="y">LBS1</subfield>
  </datafield>
  <datafield tag="952" ind1=" " ind2=" ">
    <subfield code="0">0</subfield>
    <subfield code="1">0</subfield>
    <subfield code="2">ddc</subfield>
    <subfield code="5">6</subfield>
    <subfield code="7">0</subfield>
    <subfield code="8">DS</subfield>
    <subfield code="a">BNPHU</subfield>
    <subfield code="b">BNPHU</subfield>
    <subfield code="c">HD</subfield>
    <subfield code="d">2018-06-29</subfield>
    <subfield code="e">Donado por Editora B&#xFA;ho</subfield>
    <subfield code="l">0</subfield>
    <subfield code="o">BNPHU DS A862.5 L168e</subfield>
    <subfield code="p">2021-1722</subfield>
    <subfield code="r">2021-05-14</subfield>
    <subfield code="t">e.3</subfield>
    <subfield code="w">2021-05-14</subfield>
    <subfield code="y">LBS1</subfield>
  </datafield>
  <datafield tag="999" ind1=" " ind2=" ">
    <subfield code="c">49814</subfield>
    <subfield code="d">49814</subfield>
  </datafield>
</record>
